000 01259nam a2200133Ia 4500
008 220216s9999 xx 000 0 und d
100 _aGorton A D T
245 0 _aProperties and processability of high ammonia latices
260 _bJournal of Natural Rubber Research
_c1986
300 _a122-134
520 _aA systematic study of the physical and chemical properties of samples of mature commercial natural rubber latex concentrate of the high ammonia variety has been carried out. More than forty parameters were measured on each of twenty latices, enabling the current range of variation in each property to be assessed. In many respects the latices were found to be relatively consistent but signiicantly greater variability was found in their response to the addition of zinc ammine ions. This variability is considered to relate to the variable processing behaviour sometimes observed in the user factories. The results obtained in this study did not reveal any strong relationship of zinc ion sensitivity to any other measured property. It appears, therefore, that sensitivity to zinc ions of high ammonia latex is is determined by a combination of several factors the nature of which remains to be determined.
700 _aPendle T D
942 _cJS
999 _c65967
_d65967